Loading...

Marxisavum bhouthikaahastrangalum.

Bibliografiske detaljer
Format: Printed Book
Udgivet: Thiruvananthapuram : Chintha Publishers, 1980.
Fag:
LEADER 00455nam a22001337a 4500
082 |a 530  |b MAR 
245 |a Marxisavum bhouthikaahastrangalum. 
260 |a Thiruvananthapuram :  |b Chintha Publishers,  |c 1980. 
300 |a 179p.; 
500 |a Collection of essays. 
650 |a Marxism & Physics 
942 |c BK 
999 |c 100377  |d 100377 
952 |0 0  |1 0  |4 0  |6 530_000000000000000_MAR  |7 0  |9 93720  |a SSS  |b SSS  |c CAS  |d 2012-04-17  |g 6.00  |l 0  |o 530 MAR  |p SSSMK0728  |r 2012-04-17  |w 2012-04-17  |y BK